000 00870nam a22002177a 4500
999 _c5847
_d5847
003 AR-CdUCM
008 190313b ||||| |||| 00| 0 spa d
040 _aMUNICIPALIDAD PROVINCIAL DEL CUSCO
_cBIBLIOTECA MUNICIPAL DEL CUSCO
082 _a869.56 /
_bC55C
100 _aCisneros, Antonio
_915095
245 _aComo higuera en un campo de golf /
260 _aLima :
_bInstituto Nacional de Cultura,
_c1972.
300 _a146 páginas ;
_c18 cm.
500 _aDonación familia Nieto
505 _aContenido: Arte poética I -- La casa de punta negra (ese imperio) -- Un soneto donde digo que mi hijo esta muy lejos hace mas de un año -- Dos postales -- Anexo a "cuando el diablo me rondaba anunciando tus rigores"...
650 _aPoesías peruanas
_91481
650 _aSiglo XX
_98
650 _aCasa de la cultura
_917293
942 _2ddc
_cLIBROS
945 _adavv